000 005030000a22001930004500
001 004846
003 MACL
005 20150919150933.0
008 150919b xxu||||| |||| 00| 0 eng d
040 _aMACL
_cMACL
041 _aEnglish
082 _a825
100 _aBhattacharyya, Supriyo
_912062
245 _aSelected Talkes On Sri Aurobindo
_cSupriyo Bhattacharyya
260 _aKolkata
_c2004
_bSri Aurobindo Ashram,
350 _a30
650 _aEnglish Speeches
_911956
942 _k825
_cBK
_2ddc
999 _c16729
_d16729